Introduction to Computing Systems

Zapisane w:
Opis bibliograficzny
1. autor: Không rõ
Format: Książka
Język:Vietnamese
Wydane: NOTNXB 2001
Etykiety: Dodaj etykietę
Nie ma etykietki, Dołącz pierwszą etykiete!
Thư viện lưu trữ: Mạng thư viện Đại học Đà Nẵng
LEADER 00580nam a2200265 4500
001 000026310
003 298
005 20150204120000.0
008 150204s vm 000 vie
020 |c 0,0000 
040 |a D7 
100 |a Không rõ 
245 |a Introduction to Computing Systems 
260 |b NOTNXB  |c 2001 
OWN |a LTT 
999 |a From the UDN01 
TYP |a Monograph 
TYP |a Printed language 
980 |a Mạng thư viện Đại học Đà Nẵng